[Event "Madrid Oliver Gonzalez Memorial-A 3rd"]
[Site "Madrid"]
[Date "2012.09.06"]
[Round "6"]
[White "Martin Prior, Francisco Jose"]
[Black "Martin Martin, Luis Vicente"]
[Result "0-1"]
[WhiteElo "1867"]
[BlackElo "2069"]
[PlyCount "88"]
[EventDate "2012.09.01"]
[EventType "swiss"]
[EventRounds "9"]
[EventCountry "ESP"]
[SourceTitle "CBM 150 Extra"]
[Source "ChessBase"]
[SourceDate "2012.10.19"]
[SourceVersion "1"]
[SourceVersionDate "2012.10.19"]
[SourceQuality "1"]

1. d4 Nf6 2. c4 e5 3. dxe5 Ne4 4. a3 d6 5. Nf3 Bf5 6. Nbd2 Nc6 7. Nxe4 Bxe4 8. e6 fxe6 9. Ng5 Bf5 10. e4 Bg6 11. Nxe6 Qd7 12. Nxf8 Rxf8 13. f3 0-0-0 14. Be2 Rde8 15. 0-0 Qe6 16. Be3 Qe5 17. b4 Kb8 18. Bf2 Bf7 19. Rc1 g5 20. b5 Na5 21. Bd4 Qe7 22. Bc3 Nxc4 23. Bxc4 Bxc4 24. Ba5 d5 25. Rf2 Qxa3 26. Bxc7+ Kxc7 27. exd5 Rf4 28. d6+ Qxd6 29. Qa4 Qe6 30. g3 Rd4 31. Rfc2 Qe3+ 32. Kg2 Rd2+ 33. Rxd2 Qxd2+ 34. Kh3 Qxc1 35. b6+ Kxb6 36. Qxe8 Qd2 37. Qe5 h5 38. Qf6+ Kb5 39. Qe5+ Kb4 40. Qe7+ Ka4 41. Qe8+ b5 42. Qxh5 Be6+ 43. Qg4+ Bxg4+ 44. fxg4 Qd8 0-1

[Event "Madrid Oliver Gonzalez Memorial-A 3rd"]
[Site "Madrid"]
[Date "2012.09.01"]
[Round "1"]
[White "Santos, Jose Alves"]
[Black "Martin Prior, Francisco Jose"]
[Result "1/2-1/2"]
[WhiteElo "2265"]
[BlackElo "1867"]
[PlyCount "95"]
[EventDate "2012.09.01"]
[EventType "swiss"]
[EventRounds "9"]
[EventCountry "ESP"]
[SourceTitle "CBM 150 Extra"]
[Source "ChessBase"]
[SourceDate "2012.10.19"]
[SourceVersion "1"]
[SourceVersionDate "2012.10.19"]
[SourceQuality "1"]

1. e4 c5 2. c3 Nf6 3. e5 Nd5 4. d4 cxd4 5. cxd4 d6 6. Nf3 dxe5 7. dxe5 Nc6 8. Bc4 Be6 9. 0-0 Nc7 10. Bxe6 Nxe6 11. Qe2 Qc7 12. Nc3 Ned4 13. Nxd4 Nxd4 14. Qe4 Ne6 15. Be3 g6 16. Nb5 Qd7 17. a4 Bg7 18. Rac1 Rd8 19. Bxa7 0-0 20. Be3 Qd3 21. Qxb7 Bxe5 22. Qxe7 Bxb2 23. Rb1 Be5 24. Qa3 Qf5 25. g3 Rd3 26. Qc1 Nd4 27. Nxd4 Bxd4 28. Rb5 Qd7 29. Bxd4 Rxd4 30. Qc2 Ra8 31. Ra1 Rd2 32. Qb3 Qd4 33. Rf1 Rd3 34. Rb8+ Rxb8 35. Qxb8+ Kg7 36. a5 Ra3 37. Qc7 Qd5 38. Re1 Qxa5 39. Qc1 h5 40. Rd1 Qc3 41. Qf4 Ra1 42. Rxa1 Qxa1+ 43. Kg2 Qf6 44. Kf3 g5 45. Qxf6+ Kxf6 46. Ke4 Ke6 47. f4 f6 48. fxg5 1/2-1/2

[Event "Extremadura-ch"]
[Site "Merida"]
[Date "2011.09.03"]
[Round "2"]
[White "Garcia Romero, Benjamin Abel"]
[Black "Martin Prior, Francisco Jose"]
[Result "0-1"]
[WhiteElo "2207"]
[BlackElo "1839"]
[PlyCount "68"]
[EventDate "2011.09.03"]
[EventType "swiss"]
[EventRounds "6"]
[EventCountry "ESP"]
[SourceTitle "EXT 2014"]
[Source "ChessBase"]
[SourceDate "2013.11.20"]
[SourceVersion "1"]
[SourceVersionDate "2013.11.20"]
[SourceQuality "1"]

1. e4 c5 2. Nf3 e6 3. d4 cxd4 4. Nxd4 Nf6 5. Nc3 d6 6. Be2 Be7 7. 0-0 a6 8. f4 0-0 9. Be3 Nc6 10. a4 Qc7 11. Kh1 Bd7 12. Nf3 Rac8 13. Qd3 Rfd8 14. a5 Nxa5 15. e5 Ne8 16. Ng5 Bxg5 17. fxg5 Nc6 18. exd6 Nxd6 19. Bf4 Be8 20. Rad1 e5 21. Nd5 Qa5 22. Bd2 Qb5 23. Nf6+ gxf6 24. Qg3 Ne4 25. Qg4 f5 26. Rxf5 Qa4 27. b3 Qd4 28. Be1 Qe3 29. Bd3 Bd7 30. Bxe4 Bxf5 31. Bxf5 Rxd1 32. Qxd1 Rd8 33. Bd3 e4 34. Qe2 Rxd3 0-1

[Event "ESP-ch U14"]
[Site "Padron"]
[Date "2011.07.16"]
[Round "7"]
[White "Martin Prior, Francisco Jose"]
[Black "Garriga Cazorla, Pere"]
[Result "1-0"]
[WhiteElo "1776"]
[BlackElo "1931"]
[PlyCount "103"]
[EventDate "2011.07.12"]
[EventType "swiss"]
[EventRounds "9"]
[EventCountry "ESP"]
[SourceTitle "CBM 143 Extra"]
[Source "ChessBase"]
[SourceDate "2011.08.29"]
[SourceVersion "1"]
[SourceVersionDate "2011.08.29"]
[SourceQuality "1"]

1. d4 Nf6 2. c4 e6 3. Nf3 c5 4. d5 b5 5. dxe6 fxe6 6. cxb5 d5 7. Bg5 Nbd7 8. e3 Bd6 9. Be2 Qc7 10. Nc3 0-0 11. h3 Bb7 12. 0-0 e5 13. Bxf6 Nxf6 14. Ng5 Qe7 15. Bg4 Nxg4 16. Qxg4 Rae8 17. Rad1 h6 18. Nf3 d4 19. Ne4 Bb8 20. Rc1 h5 21. Qg6 Bxe4 22. Qxe4 Bd6 23. Rfe1 Qe6 24. exd4 Rf4 25. Qb7 cxd4 26. Ng5 Qg6 27. Ne4 Bf8 28. Qd5+ Kh8 29. Rc6 Qf5 30. Ng3 Qg5 31. Re6 Rd8 32. Qxe5 Qxe5 33. R6xe5 h4 34. Ne4 Bb4 35. Rd1 Ba5 36. Ng5 Rf6 37. a3 Kg8 38. Re4 d3 39. Nf3 Bb6 40. b4 Rf5 41. a4 g5 42. a5 Bc7 43. Rd4 Rxd4 44. Nxd4 Rd5 45. Nc6 Rxb5 46. Rxd3 a6 47. g4 Kf8 48. Rd7 Bf4 49. Ra7 Bd2 50. Rxa6 Bxb4 51. Rb6 Rxa5 52. Nxb4 1-0

[Event "ESP-ch U14"]
[Site "Padron"]
[Date "2011.07.15"]
[Round "6"]
[White "Alonso Gorrin, Javier"]
[Black "Martin Prior, Francisco Jose"]
[Result "1/2-1/2"]
[WhiteElo "1920"]
[BlackElo "1776"]
[PlyCount "126"]
[EventDate "2011.07.12"]
[EventType "swiss"]
[EventRounds "9"]
[EventCountry "ESP"]
[SourceTitle "CBM 143 Extra"]
[Source "ChessBase"]
[SourceDate "2011.08.29"]
[SourceVersion "1"]
[SourceVersionDate "2011.08.29"]
[SourceQuality "1"]

1. e4 c5 2. Nf3 Nc6 3. d4 cxd4 4. Nxd4 g6 5. Nc3 Bg7 6. Be3 Nf6 7. Bc4 0-0 8. Bb3 a5 9. f3 d5 10. Nxc6 bxc6 11. e5 Nd7 12. f4 Bh6 13. Qd2 Nxe5 14. fxe5 Bxe3 15. Qxe3 d4 16. Qf3 dxc3 17. Qxc3 Bf5 18. 0-0 e6 19. a4 Qb6+ 20. Kh1 Rad8 21. Rf4 c5 22. Re1 Rd4 23. Rxd4 cxd4 24. Qf3 Qb4 25. Rf1 d3 26. Qd1 Rb8 27. h3 Qe4 28. cxd3 Qxd3 29. Rf3 Qxd1+ 30. Bxd1 Rxb2 31. Rb3 Rxb3 32. Bxb3 Be4 33. Kg1 Bd5 34. Bc2 Kg7 35. Kf2 f6 36. exf6+ Kxf6 37. g3 h6 38. Ke3 Bg2 39. h4 g5 40. Bd3 Ke5 41. hxg5 hxg5 42. Bb5 Bd5 43. Bd3 Bb3 44. Bb5 Kf5 45. Bd7 Kg4 46. Kf2 Kh3 47. Bb5 e5 48. Bd7+ g4 49. Bb5 Kh2 50. Bc6 Bd1 51. Bb5 Bb3 52. Bc6 Be6 53. Be4 Bd7 54. Bc2 Bc6 55. Bd1 Kh3 56. Bc2 e4 57. Bd1 Ba8 58. Be2 Bb7 59. Bf1+ Kh2 60. Be2 Bc6 61. Bd1 Bd7 62. Ke3 Kxg3 63. Bxg4 Kxg4 1/2-1/2